000 00613nam a22001577a 4500
999 _c61188
_d61188
005 20231229114530.0
008 231229s1980 ru ||||| |||| 00| 0 rus d
041 _arus
080 _a94(3) Д-73
245 _aДревний Восток и античный мир /
_cПод ред. В.И. Кузищина.
264 _aМосква:
_bМГУ,
_c1980.
300 _a239 с.;
_b20 см.
653 _aძველი აღმოსავლეთი და უძველესი სამყარო
700 _a Кузищин, В.И.
_eრედაქტორი
_920927
942 _2udc
_cᲬᲘᲒᲜᲘ